عرض عادي عرض مارك
  • Burton, Gwendolyn R. W.

مدخل إسم شخص

عدد التسجيلات المستخدمة في: 1

001 - رقم الضبط

  • حقل الضبط: 5341

003 - معرف رقم الضبط

  • حقل الضبط: OSt

005 - تاريخ ووقت أخر عملية

  • حقل الضبط: 20111019143155.0

008 - عناصر بيانات ثابتة الطول

  • حقل تحكم ثابت الطول: 111019|||a|||||| | ||| d

040 ## - مصدر الفهرسة

  • هيئة الفهرسة الأصلية: OSt
  • وكالة الكتابة: OSt

100 ## - مدخل -- أسم شخص

  • إسم شخص: Burton, Gwendolyn R. W.
  • الشكل الكامل للاسم: (Gwendolyn R. Wilson)

670 ## - بيانات المصدر موجوده

  • الاستشهاد بالمصدر: Work cat.: (OSt)1024: Burton, Gwendolyn R. W. (Gwendolyn R. Wilson), Microbiology for the health sciences /, c2004